[Event "45th Rilton Cup 2015-16"]
[Site "Stockholm SWE"]
[Date "2016.01.01"]
[Round "5.46"]
[White "Nilsson, Joakim 2000"]
[Black "Berglind, Axel"]
[Result "1/2-1/2"]
[WhiteElo "2091"]
[BlackElo "2023"]
[WhiteFideId "1723383"]
[BlackFideId "1720228"]
[EventDate "2015.12.27"]

1. d4 d5 2. c4 e6 3. Nf3 Nf6 4. Nc3 c6 5. Bg5 h6 6. Bxf6 Qxf6 7. e3 Nd7 8. Bd3
dxc4 9. Bxc4 g6 10. O-O Bg7 11. b4 O-O 12. b5 e5 13. Rc1 exd4 14. bxc6 bxc6 15.
exd4 Nb6 16. Be2 Rd8 17. h3 Qf4 18. Bd3 Be6 19. Ne2 Qd6 20. Be4 Rac8 21. Qc2 Qa3
22. Rcd1 Rd6 23. Qc5 Qxc5 24. dxc5 Rxd1 25. Rxd1 Na4 26. Ned4 Rd8 27. Rd2 Nc3
28. Nxe6 Rxd2 29. Nxd2 Nxe4 30. Nxe4 fxe6 31. Kf1 Kf7 32. Ke2 e5 33. Kd3 Ke6 34.
Kc4 Bf8 35. g4 Be7 36. f3 h5 37. Nf2 hxg4 38. hxg4 Bh4 39. Nd3 Be7 40. Nb4 Kd7
41. Na6 Kc8 42. Nb4 Kd7 43. Nc2 a5 44. Na1 Ke6 45. Nb3 Bd8 46. Nd2 Bg5 47. Ne4
Be7 48. Nc3 Kf6 49. Kd3 Ke6 50. Kc4 Kf6 51. Kd3 Ke6 52. Kc4 Kf6 1/2-1/2

[Event "45th Rilton Cup 2015-16"]
[Site "Stockholm SWE"]
[Date "2016.01.02"]
[Round "6.1"]
[White "Krasenkow, Michal"]
[Black "Hammer, Jon Ludvig"]
[Result "0-1"]
[WhiteTitle "GM"]
[BlackTitle "GM"]
[WhiteElo "2610"]
[BlackElo "2695"]
[WhiteFideId "1113100"]
[BlackFideId "1503707"]
[EventDate "2015.12.27"]

1. d4 Nf6 2. c4 e6 3. Nf3 d5 4. Nc3 Bb4 5. Bg5 h6 6. Bxf6 Qxf6 7. Qa4+ Nc6 8. e3
O-O 9. Rc1 Qg6 10. Qc2 Qxc2 11. Rxc2 Rd8 12. a3 Bf8 13. Be2 Na5 14. c5 Nc6 15.
b4 g5 16. g4 e5 17. Nxe5 Nxe5 18. dxe5 a5 19. O-O axb4 20. axb4 c6 21. Rd1 Bg7
22. f4 Re8 23. Kf2 gxf4 24. exf4 f6 25. exf6 Bxf6 26. h3 Ra3 27. Rd3 Kg7 28. Kf3
Be6 29. Nd1 Ra4 30. Rb3 d4 31. Bc4 Ra2 32. Rxa2 Bxc4 33. g5 Bxb3 34. gxf6+ Kxf6
35. Rd2 Bxd1+ 36. Rxd1 Re3+ 37. Kf2 Re4 38. Rd3 Rxf4+ 39. Ke2 Ke5 40. Rg3 Ke4
41. Rg7 d3+ 42. Kd2 Rf2+ 43. Kc3 Rc2+ 44. Kb3 Rc1 45. Re7+ Kf3 46. Rf7+ Ke2 47.
Re7+ Kd1 48. Kb2 d2 49. Re4 Rc2+ 50. Kb1 Rc3 0-1

[Event "45th Rilton Cup 2015-16"]
[Site "Stockholm SWE"]
[Date "2016.01.02"]
[Round "6.3"]
[White "Donchenko, Alexander"]
[Black "Alekseev, Evgeny"]
[Result "1-0"]
[WhiteTitle "GM"]
[BlackTitle "GM"]
[WhiteElo "2588"]
[BlackElo "2642"]
[WhiteFideId "24603295"]
[BlackFideId "4138147"]
[EventDate "2015.12.27"]

1. d4 Nf6 2. c4 e6 3. g3 Bb4+ 4. Bd2 Be7 5. Bg2 d5 6. Nf3 O-O 7. O-O c6 8. Qc2
b6 9. Bf4 Nbd7 10. Rd1 Bb7 11. Ne5 Nh5 12. Bd2 Nhf6 13. cxd5 cxd5 14. Nc6 Bxc6
15. Qxc6 Rc8 16. Qb5 Nb8 17. e3 Ne8 18. Nc3 Nd6 19. Qe2 Nc6 20. Be1 Bf6 21. Rac1
Qd7 22. Qg4 Qe7 23. Rd2 Qd8 24. b3 g6 25. Bf1 Rc7 26. Qd1 Qc8 27. Nb5 Nxb5 28.
Bxb5 Qb7 29. Bxc6 Rxc6 30. Rxc6 Qxc6 31. Rc2 Qb7 32. Qc1 Qa6 33. Bb4 Rd8 34. a4
h5 35. Rc7 Qe2 36. Rxa7 h4 37. Qc7 Qd1+ 38. Kg2 h3+ 39. Kxh3 Qh5+ 40. Kg2 g5 41.
h3 Qg6 42. g4 Kg7 43. Bd6 Rh8 44. Be5 1-0

[Event "45th Rilton Cup 2015-16"]
[Site "Stockholm SWE"]
[Date "2016.01.02"]
[Round "6.4"]
[White "Blomqvist, Erik"]
[Black "Socko, Bartosz"]
[Result "0-1"]
[WhiteTitle "GM"]
[BlackTitle "GM"]
[WhiteElo "2493"]
[BlackElo "2587"]
[WhiteFideId "1709437"]
[BlackFideId "1107038"]
[EventDate "2015.12.27"]

1. e4 e5 2. Nf3 Nc6 3. Bb5 a6 4. Ba4 Nf6 5. O-O Be7 6. d3 d6 7. c3 O-O 8. Re1 b5
9. Bc2 Re8 10. Nbd2 Bf8 11. d4 Bb7 12. d5 Nb8 13. b3 c6 14. c4 Nbd7 15. Nf1 bxc4
16. bxc4 Nc5 17. Rb1 Qc7 18. Ba3 Nfd7 19. Ne3 a5 20. Qd2 Ba6 21. Rb2 g6 22. Reb1
Bh6 23. Qc3 Bxe3 24. fxe3 Rec8 25. Nd2 Qd8 26. h3 cxd5 27. exd5 f5 28. Kh2 Qh4
29. Kg1 Qe7 30. Kh2 e4 31. Qd4 Rc7 32. Rb6 Nxb6 33. Rxb6 Rcc8 34. Nb3 Nd7 35.
Bxd6 Qg7 36. Rc6 Qxd4 37. Nxd4 Bxc4 38. Bb3 Bxb3 39. axb3 Nf6 40. Rb6 Nxd5 41.
Rb7 Ra6 42. Be5 Re8 0-1

[Event "45th Rilton Cup 2015-16"]
[Site "Stockholm SWE"]
[Date "2016.01.02"]
[Round "6.5"]
[White "Zumsande, Martin"]
[Black "Goganov, Aleksey"]
[Result "1/2-1/2"]
[WhiteTitle "IM"]
[BlackTitle "GM"]
[WhiteElo "2442"]
[BlackElo "2597"]
[WhiteFideId "4651324"]
[BlackFideId "24109959"]
[EventDate "2015.12.27"]

1. e4 c5 2. c3 Nf6 3. e5 Nd5 4. Nf3 Nc6 5. Bc4 e6 6. d4 cxd4 7. cxd4 d6 8. O-O
Be7 9. Re1 O-O 10. exd6 Qxd6 11. Nc3 b6 12. Bxd5 exd5 13. Ne5 Bb7 14. Bf4 Nxe5
15. Bxe5 Qd7 16. Qh5 f6 17. Bf4 Rfe8 18. Re3 Bf8 19. Rae1 Rxe3 20. Rxe3 b5 21.
Qd1 Rc8 22. Ne2 Qf5 23. Rc3 Rxc3 24. bxc3 Qc8 25. Qd2 Qc4 26. h4 Kf7 27. Nc1 b4
28. cxb4 Qxb4 29. Nb3 Qxd2 30. Bxd2 Bc8 31. Nc5 Bd6 32. Kf1 Kg6 33. g3 Kf5 34.
Kg2 g5 35. Kf3 h5 36. Ba5 Kg6 37. Bd8 Bh3 38. a4 Bf8 39. Ke2 Bd6 40. Kf3 Bg4+
41. Ke3 Bc8 42. Ke2 Kf5 43. Kf3 Bf8 44. Bc7 Bh6 45. a5 a6 46. Bd8 Kg6 47. Ke2
Kf5 48. Kf3 gxh4 49. gxh4 Bd2 50. Bb6 Bc3 51. Nd3 Bd2 52. Nc5 Kg6 53. Ke2 Bc3
54. Kd3 Bb4 55. Ke3 Kf5 56. Kf3 Bc3 57. Nd3 Bd7 58. Nf4 Be8 59. Ne2 Bd2 60. Ng3+
Ke6 61. Ke2 Bb4 62. Ke3 Kd7 63. Nf5 Bg6 64. Ng3 Be7 65. Ne2 Kc6 66. Nc3 f5 67.
Na4 Bxh4 68. Nc5 Kb5 69. Ne6 Kc4 70. Nc7 Bg5+ 71. f4 h4 72. fxg5 h3 73. Kf2 f4
74. Nxd5 Kxd5 75. Bc7 Ke4 76. d5 Kxd5 1/2-1/2

[Event "45th Rilton Cup 2015-16"]
[Site "Stockholm SWE"]
[Date "2016.01.02"]
[Round "6.7"]
[White "Johansson, Linus"]
[Black "Ivanov, Sergey"]
[Result "0-1"]
[WhiteTitle "IM"]
[BlackTitle "GM"]
[WhiteElo "2423"]
[BlackElo "2556"]
[WhiteFideId "1711113"]
[BlackFideId "4101375"]
[EventDate "2015.12.27"]

1. d4 Nf6 2. c4 e6 3. Nc3 Bb4 4. e3 O-O 5. Ne2 Re8 6. a3 Bf8 7. Ng3 d5 8. Be2 c5
9. dxc5 Bxc5 10. O-O Nc6 11. b4 Bb6 12. Bb2 d4 13. Na4 dxe3 14. Nxb6 exf2+ 15.
Rxf2 axb6 16. b5 Nb8 17. Rxf6 gxf6 18. Nh5 Nd7 19. Qd4 Kh8 20. Rd1 e5 21. Qh4
Qe7 22. Bd3 f5 23. Qh3 Nf6 24. Ng3 Qc5+ 25. Kf1 Ng4 26. Rd2 Qe3 27. Bc1 Rxa3 28.
Nxf5 Bxf5 29. Bxf5 Qf4+ 30. Kg1 Rxh3 0-1

[Event "45th Rilton Cup 2015-16"]
[Site "Stockholm SWE"]
[Date "2016.01.02"]
[Round "6.8"]
[White "Cramling, Pia"]
[Black "Kolosowski, Mateusz"]
[Result "1/2-1/2"]
[WhiteTitle "GM"]
[BlackTitle "IM"]
[WhiteElo "2523"]
[BlackElo "2423"]
[WhiteFideId "1700030"]
[BlackFideId "1129708"]
[EventDate "2015.12.27"]

1. Nf3 Nf6 2. c4 g6 3. Nc3 d5 4. cxd5 Nxd5 5. Qb3 Nb6 6. d4 Bg7 7. Bf4 O-O 8. e3
Be6 9. Qa3 Nc6 10. Be2 a5 11. Qc5 Nd5 12. Nxd5 Qxd5 13. Qxd5 Bxd5 14. O-O Rfc8
15. Rfc1 a4 16. Rc5 e6 17. a3 Na5 18. Nd2 c6 19. Bf3 b6 20. Rc2 c5 21. dxc5 Rxc5
22. Rxc5 bxc5 23. e4 Bc6 24. e5 Rd8 25. Rc1 Bxf3 26. gxf3 Rd5 27. Ne4 Nb3 28.
Re1 Rd4 29. Be3 Rc4 30. Nf6+ Bxf6 31. exf6 Kf8 32. Kf1 Rc2 33. Rd1 Ke8 34. Rd6
Rxb2 35. Ra6 c4 36. Ra8+ Kd7 37. Ra7+ Kd6 38. Rxf7 Ke5 39. Rf8 c3 40. f7 Kf6 41.
Bg5+ Kg7 42. Bh6+ Kf6 43. Bg5+ Kg7 44. Bh6+ Kf6 1/2-1/2

[Event "45th Rilton Cup 2015-16"]
[Site "Stockholm SWE"]
[Date "2016.01.02"]
[Round "6.9"]
[White "Sagit, Rauan"]
[Black "Tikkanen, Hans"]
[Result "0-1"]
[WhiteTitle "FM"]
[BlackTitle "GM"]
[WhiteElo "2375"]
[BlackElo "2515"]
[WhiteFideId "1708376"]
[BlackFideId "1706446"]
[EventDate "2015.12.27"]

1. Nf3 d5 2. g3 c5 3. c4 d4 4. b4 cxb4 5. d3 Nc6 6. a3 e5 7. Bg2 bxa3 8. O-O Nf6
9. Nbd2 Be7 10. Qa4 O-O 11. Bxa3 Re8 12. Rfb1 e4 13. dxe4 Bxa3 14. Rxa3 Nxe4 15.
Nxe4 Rxe4 16. Qc2 Re8 17. Rd1 Qe7 18. c5 Qxe2 19. Qxe2 Rxe2 20. h3 Re4 21. Rad3
Kf8 22. Nxd4 Rxd4 23. Rxd4 Nxd4 24. Rxd4 Ke7 25. Bd5 f5 26. Rd2 a5 27. Re2+ Kf8
28. Ra2 a4 29. c6 b5 30. Rb2 Ra5 31. Rd2 Ke7 32. Bg8 b4 33. Rd4 b3 34. c7 b2 35.
Ba2 Ra7 36. Rc4 Kd6 37. Kh2 a3 38. Rc3 b1=Q 39. Bxb1 a2 40. Bxa2 Rxa2 0-1

[Event "45th Rilton Cup 2015-16"]
[Site "Stockholm SWE"]
[Date "2016.01.02"]
[Round "6.10"]
[White "Meskovs, Nikita"]
[Black "Arman, Deniz"]
[Result "1-0"]
[WhiteTitle "IM"]
[BlackTitle "FM"]
[WhiteElo "2511"]
[BlackElo "2332"]
[WhiteFideId "11602740"]
[BlackFideId "6302106"]
[EventDate "2015.12.27"]

1. d4 Nf6 2. c4 c5 3. d5 b5 4. cxb5 a6 5. bxa6 Bxa6 6. Nc3 d6 7. e4 Bxf1 8. Kxf1
g6 9. Nf3 Nbd7 10. g3 Bg7 11. Kg2 O-O 12. Qe2 Qa5 13. a4 Rfb8 14. Ra3 Rb4 15.
Nd2 Rab8 16. b3 Rd4 17. Nb5 Rb4 18. Nc4 Qd8 19. Bd2 R4xb5 20. axb5 Rxb5 21. Na5
Qb6 22. Nc6 e6 23. Ra8+ Nf8 24. Qf3 h6 25. Ne7+ 1-0

[Event "45th Rilton Cup 2015-16"]
[Site "Stockholm SWE"]
[Date "2016.01.02"]
[Round "6.11"]
[White "Schekachikhin, Maksim"]
[Black "Poetsch, Hagen"]
[Result "1/2-1/2"]
[WhiteTitle "FM"]
[BlackTitle "IM"]
[WhiteElo "2321"]
[BlackElo "2509"]
[WhiteFideId "24177830"]
[BlackFideId "24615137"]
[EventDate "2015.12.27"]

1. d4 Nf6 2. c4 e6 3. Nc3 d5 4. Bg5 Be7 5. e3 O-O 6. Nf3 h6 7. Bh4 b6 8. Be2 Bb7
9. Bxf6 Bxf6 10. cxd5 exd5 11. b4 Qd6 12. Qb3 a5 13. b5 Nd7 14. O-O Be7 15. Rac1
Rfc8 16. Rfd1 c5 17. bxc6 Bxc6 18. Bb5 Nf6 19. Bxc6 Qxc6 20. Ne5 Qe6 21. Na4 Bd8
22. Qb5 Ne4 23. Qd7 Nd6 24. Rb1 b5 25. Qxe6 fxe6 26. Nc5 Bf6 27. Nxe6 Ne4 28.
Rb2 Nc3 29. Re1 Ra6 30. Nf4 Bxe5 31. dxe5 b4 32. Nd3 Rac6 33. f3 Na4 34. Rd2 Rc2
35. Ree2 Rxd2 36. Rxd2 Nb6 37. Nf4 Rc5 38. Kf2 a4 39. Nd3 Rb5 40. Rb2 b3 41.
axb3 Rxb3 42. Rxb3 axb3 43. Ke2 Nc4 44. Kd1 Nxe3+ 45. Kc1 Nxg2 46. Kb2 Kf7 47.
Kxb3 Ke6 48. Kc3 Nh4 49. f4 Nf3 50. h3 g5 51. Nc5+ Kf5 52. e6 Kf6 53. fxg5+ hxg5
54. Kd3 Ke7 55. Ke3 Nh4 56. Kd4 Kd6 57. Nb7+ Kxe6 58. Nd8+ Ke7 59. Kxd5 Kxd8 60.
Ke6 Ke8 1/2-1/2

[Event "45th Rilton Cup 2015-16"]
[Site "Stockholm SWE"]
[Date "2016.01.02"]
[Round "6.12"]
[White "Westerberg, Jonathan"]
[Black "Goluch, Piotr"]
[Result "0-1"]
[WhiteTitle "IM"]
[WhiteElo "2497"]
[BlackElo "2297"]
[WhiteFideId "1701754"]
[BlackFideId "1137840"]
[EventDate "2015.12.27"]

1. d4 Nf6 2. Nf3 g6 3. b4 Bg7 4. Bb2 d6 5. c4 Nbd7 6. e3 O-O 7. Be2 c6 8. O-O
Ne4 9. Nbd2 Nxd2 10. Qxd2 e5 11. dxe5 Nxe5 12. Rfd1 Be6 13. c5 Nxf3+ 14. Bxf3
dxc5 15. Qc2 Qe7 16. Bxg7 Kxg7 17. bxc5 Rad8 18. Qc3+ f6 19. Qa5 a6 20. a4 Bb3
21. Rd6 Qe5 22. Qc7+ Rf7 23. Qxd8 Qxa1+ 24. Bd1 Qc1 25. a5 Bxd1 26. Rxd1 Qxc5
27. h4 Qe7 28. Qc8 Qc7 29. Rd8 Qxc8 30. Rxc8 Rd7 31. g4 h5 32. gxh5 gxh5 33. Kg2
Kg6 34. Kf3 Rd5 35. Rc7 Rxa5 36. Rxb7 Rb5 37. Ra7 a5 38. Ra6 c5 39. Ke4 Rb4+ 40.
Kd5 a4 41. Kxc5 Rxh4 42. f4 Rh1 43. Rxa4 Kf5 44. Kd6 Re1 45. Ra5+ Kg6 46. Kd5
Rxe3 47. Kd4 Re1 48. Ra8 Kf5 49. Rf8 h4 50. Rh8 Kxf4 51. Rxh4+ Kg3 52. Rh5 Kg4
53. Rc5 f5 54. Kd3 f4 55. Kd2 Re8 56. Rc1 Kg3 57. Rc5 f3 58. Rg5+ Kf2 59. Rd5
Kf1 60. Rd6 f2 61. Rg6 Rd8+ 62. Kc3 Rd5 63. Kc4 Re5 64. Kd4 Re8 65. Ra6 Ke2 66.
Ra2+ Kf3 67. Ra3+ Kg2 0-1

[Event "45th Rilton Cup 2015-16"]
[Site "Stockholm SWE"]
[Date "2016.01.02"]
[Round "6.13"]
[White "Grandell, Anders"]
[Black "Andersen, Mads"]
[Result "0-1"]
[WhiteTitle "FM"]
[BlackTitle "IM"]
[WhiteElo "2330"]
[BlackElo "2474"]
[WhiteFideId "1709771"]
[BlackFideId "1413864"]
[EventDate "2015.12.27"]

1. Nf3 Nf6 2. g3 g6 3. b3 Bg7 4. Bb2 O-O 5. Bg2 d6 6. O-O e5 7. d3 Nc6 8. c4 Be6
9. Nc3 Qc8 10. Re1 Bh3 11. Bh1 Bg4 12. Qd2 h6 13. Rac1 Qd7 14. Ba1 Kh7 15. Qb2
Nh5 16. b4 f5 17. b5 Ne7 18. Nd2 c6 19. bxc6 bxc6 20. Rb1 Rac8 21. Qa3 Rc7 22.
e3 f4 23. exf4 exf4 24. Nde4 fxg3 25. hxg3 d5 26. cxd5 cxd5 27. Nb5 dxe4 28.
Bxg7 Nxg7 29. Nxc7 Qxc7 30. Rxe4 Rxf2 31. Rxg4 Rf7 32. Qb3 Nef5 33. Qc4 Qe7 34.
Re4 Qf6 35. Rf4 Qg5 36. g4 Nd6 37. Rxf7 Nxc4 38. Rbb7 Qxg4+ 39. Kh2 Qh4+ 40. Kg1
Qg4+ 41. Kh2 Qh4+ 42. Kg1 Qd4+ 43. Kh2 Nd6 44. Rxg7+ Qxg7 45. Rxg7+ Kxg7 46. Kg3
Kf6 47. Kf4 h5 48. Bd5 g5+ 49. Kf3 Ke5 50. Bg8 g4+ 51. Kg2 h4 52. Bh7 Nf5 53.
Bg6 h3+ 54. Kh2 Kf4 55. a4 Nh4 0-1

[Event "45th Rilton Cup 2015-16"]
[Site "Stockholm SWE"]
[Date "2016.01.02"]
[Round "6.14"]
[White "Koykka, Pekka"]
[Black "Semcesen, Daniel"]
[Result "0-1"]
[WhiteTitle "FM"]
[BlackTitle "GM"]
[WhiteElo "2326"]
[BlackElo "2431"]
[WhiteFideId "504319"]
[BlackFideId "1706993"]
[EventDate "2015.12.27"]

1. Nf3 d5 2. c4 c6 3. e3 Nf6 4. Nc3 g6 5. d4 Bg7 6. Bd3 O-O 7. h3 b6 8. O-O Bb7
9. Qe2 Nbd7 10. Rd1 e6 11. e4 dxe4 12. Nxe4 Qc7 13. Bg5 c5 14. Rac1 Rac8 15.
dxc5 Nxe4 16. cxb6 axb6 17. Bxe4 Bxe4 18. Qxe4 Bxb2 19. Rc2 Bg7 20. Qh4 Ra8 21.
Bh6 Nf6 22. Bf4 Qb7 23. Be5 Qe4 24. Qxe4 Nxe4 25. Rb1 Ra6 26. Bc7 Rfa8 27. Rxb6
Rxa2 28. Rxa2 Rxa2 29. Rb8+ Bf8 30. Ng5 Nxg5 31. Bd6 Kg7 32. Bxf8+ Kf6 33. h4
Ne4 34. f3 Ng3 35. Kh2 Nf5 36. Kh3 Ne3 37. g4 Nf1 38. Bd6 e5 39. g5+ Kf5 40.
Bxe5 Kxe5 0-1

[Event "45th Rilton Cup 2015-16"]
[Site "Stockholm SWE"]
[Date "2016.01.02"]
[Round "6.15"]
[White "Cukrowski, Filip"]
[Black "Lindgren, Philip"]
[Result "1-0"]
[BlackTitle "FM"]
[WhiteElo "2320"]
[BlackElo "2418"]
[WhiteFideId "1171097"]
[BlackFideId "1713230"]
[EventDate "2015.12.27"]

1. e4 e5 2. Nf3 Nc6 3. Bb5 a6 4. Ba4 Nf6 5. O-O Be7 6. Re1 b5 7. Bb3 d6 8. c3
O-O 9. h3 Na5 10. Bc2 c5 11. d4 Nd7 12. d5 Nb6 13. Nbd2 f5 14. exf5 Bxf5 15. Ne4
h6 16. b3 Qd7 17. Kh2 Rf7 18. Be3 Qb7 19. c4 Nd7 20. Bd2 Qc7 21. Ng3 Bxc2 22.
Qxc2 Nb7 23. Qg6 Nf8 24. Qd3 Qd7 25. Re4 Nh7 26. Rae1 Raf8 27. Rg4 Kh8 28. Qg6
Nf6 29. Rh4 Nh7 30. Rh5 Rf6 31. Qe4 Rxf3 32. gxf3 Nf6 33. Qg6 Qe8 34. Qxe8 Rxe8
35. Rf5 g6 36. Rxf6 Bxf6 37. Bxh6 Kh7 38. Bd2 Rf8 39. Ne4 Be7 40. Kg3 Nd8 41.
Nc3 b4 42. Ne4 Nf7 43. f4 exf4+ 44. Bxf4 g5 45. Bd2 Bd8 46. f4 gxf4+ 47. Bxf4
Rg8+ 48. Kf3 Rg6 49. h4 Be7 50. Nxc5 Bxh4 51. Rh1 dxc5 52. Rxh4+ Kg7 53. Be3
Ne5+ 54. Ke4 Nd7 55. Rh2 a5 56. Bf4 a4 57. Be5+ Kf7 58. Kf5 Nxe5 59. Kxe5 axb3
60. axb3 Ke7 61. Rh7+ Kd8 62. d6 Rg3 63. Kd5 Rxb3 64. Kc6 Re3 65. Rh8+ 1-0

[Event "45th Rilton Cup 2015-16"]
[Site "Stockholm SWE"]
[Date "2016.01.02"]
[Round "6.16"]
[White "Sjodahl, Pontus"]
[Black "Sadeh, Shahin"]
[Result "1-0"]
[WhiteTitle "IM"]
[BlackTitle "FM"]
[WhiteElo "2404"]
[BlackElo "2284"]
[WhiteFideId "1700537"]
[BlackFideId "12503924"]
[EventDate "2015.12.27"]

1. d4 g6 2. c4 Bg7 3. e4 d6 4. Nc3 e5 5. Nge2 Nc6 6. Be3 Nf6 7. f3 O-O 8. Qd2
exd4 9. Nxd4 Nh5 10. O-O-O a6 11. Nxc6 bxc6 12. g4 Nf6 13. Bh6 Be6 14. Be2 Rb8
15. Bxg7 Kxg7 16. f4 Rb4 17. a3 Rb7 18. f5 Bc8 19. c5 Nd7 20. cxd6 cxd6 21. Qxd6
Qa5 22. Kc2 Kg8 23. Rd4 c5 24. Ra4 Qd8 25. Rxa6 Qg5 26. h4 Qe3 27. h5 gxf5 28.
gxf5 Nb8 29. Ra8 Rd7 30. Qxb8 Rd2+ 31. Kb1 Rxe2 32. h6 c4 33. Ka1 f6 34. Qc7 Bd7
35. Qxc4+ 1-0

[Event "45th Rilton Cup 2015-16"]
[Site "Stockholm SWE"]
[Date "2016.01.02"]
[Round "6.17"]
[White "Radionov, Timur"]
[Black "Hagen, Andreas Skytte"]
[Result "1/2-1/2"]
[WhiteTitle "FM"]
[BlackTitle "IM"]
[WhiteElo "2321"]
[BlackElo "2395"]
[WhiteFideId "34178772"]
[BlackFideId "1407341"]
[EventDate "2015.12.27"]

1. e4 e5 2. Nf3 Nc6 3. d4 exd4 4. Bc4 Bc5 5. c3 Nf6 6. cxd4 Bb4+ 7. Bd2 Nxe4 8.
Bxb4 Nxb4 9. Bxf7+ Kxf7 10. Qb3+ d5 11. Ne5+ Ke6 12. Qxb4 Qf8 13. Qxf8 Rxf8 14.
O-O Kd6 15. f3 Ng5 16. Nc3 c6 17. Rad1 Ne6 18. Rfe1 Bd7 19. Na4 b6 20. b4 Rf4
21. b5 cxb5 22. Nc3 Be8 23. Ne2 Rf8 24. Rc1 a5 25. Kf2 b4 26. Ke3 Bb5 27. f4
Rac8 28. Rxc8 Rxc8 29. f5 Bxe2 30. fxe6 Bb5 31. Kf4 Kxe6 32. Nc4+ Kf6 33. Nd6
Rc2 34. Nxb5 Rxa2 35. Nc7 b3 36. Nxd5+ Kf7 37. Nxb6 b2 38. Rb1 a4 39. Nc4 a3 40.
Nxa3 Rxa3 41. Rxb2 Rd3 42. Ke5 h5 43. d5 g5 44. Kd6 h4 45. Rf2+ Ke8 46. Re2+ Kd8
47. Rf2 Kc8 48. Rf5 h3 49. Rxg5 hxg2 50. Rg8+ Kb7 51. Rxg2 Rh3 52. Re2 Kc8 53.
Re8+ Kb7 54. Kd7 Rxh2 55. d6 Rh7+ 56. Re7 Rh8 57. Ke6+ Kc8 58. Rc7+ Kd8 59. Ra7
Rh6+ 60. Kd5 Rh1 1/2-1/2

[Event "45th Rilton Cup 2015-16"]
[Site "Stockholm SWE"]
[Date "2016.01.02"]
[Round "6.18"]
[White "Mikalsen, Erlend"]
[Black "Nilsen, Joachim Birger"]
[Result "1/2-1/2"]
[WhiteTitle "FM"]
[BlackTitle "FM"]
[WhiteElo "2313"]
[BlackElo "2382"]
[WhiteFideId "1507338"]
[BlackFideId "1506331"]
[EventDate "2015.12.27"]

1. e4 e5 2. Nf3 Nc6 3. Bb5 Nge7 4. c3 a6 5. Ba4 g6 6. d4 exd4 7. cxd4 b5 8. Bb3
Bg7 9. O-O O-O 10. Nc3 d6 11. h3 h6 12. Re1 Na5 13. Bc2 Bb7 14. b3 c5 15. Bb2
cxd4 16. Nxd4 Qb6 17. Nf3 Rfd8 18. Qd2 Rac8 19. Bd3 Re8 20. Rac1 Nac6 21. Ne2
Ne5 22. Nxe5 dxe5 23. Ba3 Qe6 24. Qe3 Bf8 25. Bc5 h5 26. Qg3 Nc6 27. Bxf8 Kxf8
28. Qg5 Kg7 29. Ng3 Rh8 30. Red1 f6 31. Qe3 Nd4 32. f4 h4 33. Nh1 Qd6 34. fxe5
fxe5 35. Nf2 Rcf8 36. b4 Bc8 37. Rc5 Be6 38. Bb1 Rc8 39. Rdc1 Bc4 40. Rxc8 Rxc8
41. Kh2 Qf6 42. Ng4 Qf4+ 1/2-1/2

[Event "45th Rilton Cup 2015-16"]
[Site "Stockholm SWE"]
[Date "2016.01.02"]
[Round "6.19"]
[White "Martynov, Pavel2"]
[Black "Thorn, Eric"]
[Result "1/2-1/2"]
[WhiteTitle "FM"]
[WhiteElo "2380"]
[BlackElo "2140"]
[WhiteFideId "4122186"]
[BlackFideId "1710729"]
[EventDate "2015.12.27"]

1. d4 Nf6 2. Bg5 e6 3. Nd2 h6 4. Bh4 c5 5. e3 Nc6 6. c3 b6 7. Bd3 Bb7 8. Ngf3
Be7 9. O-O d6 10. e4 O-O 11. Re1 Nh5 12. Bxe7 Qxe7 13. Bf1 Nf4 14. g3 Ng6 15. h4
Qc7 16. Rc1 Rfe8 17. b4 Rad8 18. Qa4 a6 19. h5 Nf8 20. bxc5 dxc5 21. dxc5 b5 22.
Qa3 Nd7 23. Nb3 Nde5 24. Nxe5 Qxe5 25. c4 b4 26. Qa4 Qxh5 27. Na5 Nxa5 28. Qxa5
Rd4 29. Bg2 Rc8 30. Qxb4 Ba8 31. e5 Bxg2 32. Kxg2 Kh7 33. Rc3 Rd7 34. Ra3 Rc6
35. Ra5 Rd3 36. Qb1 Qf3+ 37. Kg1 g6 38. Qb7 h5 39. Qe7 Rd4 40. Ra3 Qxa3 41.
Qxf7+ Kh6 42. Qf8+ Kg5 43. Qf6+ Kh6 44. Qh8+ Kg5 45. Qf6+ Kh6 46. Qh8+ Kg5 47.
Qf6+ 1/2-1/2

[Event "45th Rilton Cup 2015-16"]
[Site "Stockholm SWE"]
[Date "2016.01.02"]
[Round "6.20"]
[White "Vuilleumier, Alexandre"]
[Black "Ertan, Can"]
[Result "1-0"]
[WhiteTitle "IM"]
[BlackTitle "FM"]
[WhiteElo "2342"]
[BlackElo "2241"]
[WhiteFideId "1305662"]
[BlackFideId "6306330"]
[EventDate "2015.12.27"]

1. Nf3 Nf6 2. c4 b6 3. Nc3 Bb7 4. d3 e6 5. e4 d5 6. cxd5 exd5 7. e5 Nfd7 8. d4
Be7 9. Bd3 c5 10. O-O O-O 11. Re1 Re8 12. Bf4 Nf8 13. dxc5 Ne6 14. c6 Nxc6 15.
Bg3 Bb4 16. a3 Bxc3 17. bxc3 Qe7 18. c4 dxc4 19. Bxc4 Red8 20. Qb1 Ncd4 21. Nxd4
Rxd4 22. Bf1 Rad8 23. a4 h5 24. h4 Rb4 25. Qa2 Nd4 26. Bc4 Rc8 27. Rac1 Qd7 28.
e6 fxe6 29. Bxe6+ Nxe6 30. Rcd1 Qxa4 31. Qxe6+ Kh8 32. Qf7 Qc6 33. f3 Ba8 34.
Rd7 1-0

[Event "45th Rilton Cup 2015-16"]
[Site "Stockholm SWE"]
[Date "2016.01.02"]
[Round "6.21"]
[White "Tari, Aryan"]
[Black "Nyysti, Sampsa"]
[Result "1-0"]
[WhiteTitle "IM"]
[BlackTitle "IM"]
[WhiteElo "2556"]
[BlackElo "2370"]
[WhiteFideId "1510045"]
[BlackFideId "502138"]
[EventDate "2015.12.27"]

1. d4 Nf6 2. c4 e6 3. Nc3 Bb4 4. Qc2 O-O 5. Nf3 c5 6. dxc5 Na6 7. g3 Nxc5 8. Bg2
b6 9. O-O Bb7 10. Nb5 Be4 11. Qd1 Nb7 12. Bf4 a6 13. Nd6 Nxd6 14. Bxd6 Bxd6 15.
Qxd6 Qb8 16. Rfd1 Rc8 17. Ne5 Bxg2 18. Kxg2 Qb7+ 19. f3 Rc7 20. a4 Ne8 21. Qd3
d6 22. Ng4 Rac8 23. Ne3 a5 24. Qa3 Rc6 25. Rd4 Qe7 26. Rad1 Rc5 27. Qd3 R8c6 28.
b3 Qf6 29. Ng4 Qg6 30. e4 h5 31. Nf2 h4 32. Qe3 hxg3 33. hxg3 Rh5 34. g4 Rh6 35.
e5 dxe5 36. Rd8 f6 37. Qe4 Qxe4 38. Nxe4 1-0

[Event "45th Rilton Cup 2015-16"]
[Site "Stockholm SWE"]
[Date "2016.01.02"]
[Round "6.22"]
[White "Miezis, Normunds"]
[Black "Hejazipour, Mitra"]
[Result "1-0"]
[WhiteTitle "GM"]
[BlackTitle "WGM"]
[WhiteElo "2493"]
[BlackElo "2357"]
[WhiteFideId "11600136"]
[BlackFideId "12505951"]
[EventDate "2015.12.27"]

1. c4 c5 2. Nc3 Nc6 3. g3 g6 4. Bg2 Bg7 5. a3 a5 6. d3 d6 7. Rb1 e6 8. e4 Nge7
9. Nge2 O-O 10. O-O Nd4 11. Nxd4 cxd4 12. Nb5 a4 13. Bd2 Nc6 14. f4 Ra6 15. b3
axb3 16. Qxb3 Qe7 17. a4 Rd8 18. Bc1 Na5 19. Qc2 f5 20. Re1 fxe4 21. Rxe4 b6 22.
Ba3 Bb7 23. Re2 Bxg2 24. Kxg2 e5 25. Rbe1 Nc6 26. Kg1 Kh8 27. Re4 Raa8 28. Kg2
Rac8 29. fxe5 Bxe5 30. Nxd4 Nxd4 31. Rxd4 Qf6 32. Rde4 Rf8 33. Qe2 Kg8 34. Qe3
Bc3 35. Rf4 Qg7 36. Qe6+ Kh8 37. Rxf8+ Rxf8 38. Bxd6 Bxe1 39. Be5 1-0